00000000nam 2200000za 4500
0019.822239
003CaOODSP
00520250129100453
007cr |||||||||||
008160809s2014    oncao|| o    f000 0 orm d
040 |aCaOODSP|beng
043 |an-cn---
0861 |aCi44-18/2014Orm-PDF
24500|a[Government-Assisted Refugee resettlement in Canada |h[electronic resource] : |binformation bulletin].
24614|iCover title : |aBaqataa-moottummaan gargaaru quubsuma baqatootaaf Kanaadaan kennu : |bqajeal fama
250 |a[Oromo edition].
260 |a[Ottawa] : |bCitizenship and Immigration Canada, |c2014.
300 |a8 p. : |bcol. ill.
500 |a"Oromo."
500 |a"GAR."
500 |aEnglish supplied title from publisher. Cover title: Baqataa-moottummaan gargaaru quubsuma baqatootaaf Kanaadaan kennu - qajeal fama.
500 |aIssued also in French, Amharic, Arabic, Dari, Farsi, Nepalese, Somali, Spanish, Swahili and Tigrinya.
500 |aIssued also in English under title: Government-Assisted Refugee resettlement in Canada: information bulletin.
5200 |aThis bulletin, written in Oromo, provides information about the steps in the resettlement process once a Government-Assisted Refugee (GAR) has been accepted, and gives more information about Canada. Includes information on resettling the family, immigration status, where to live in Canada, Canadian society, sponsoring the family, finding a job, expenses, school, dental care, food and water, religion, and weather.
546 |aText in Oromo.
69207|2gccst|aRefugees
69207|2gccst|aImmigrants
69207|2gccst|aFederal programs
7101 |aCanada. |bCitizenship and Immigration Canada.
77508|tGovernment-Assisted Refugee resettlement in Canada |w(CaOODSP)9.822182
792 |t[Réfugiés pris en charge par le gouvernement, réinstallation des réfugiés au Canada |efre|w(CaOODSP)9.822246
794 |t[Government-Assisted Refugee Program] : |b2019|w(CaOODSP)9.880422
85640|qPDF|s1.22 MB|uhttps://publications.gc.ca/collections/collection_2016/ircc/Ci44-18-2014-orm.pdf